[Event "COL-ch Superate B"]
[Site "Colombia"]
[Date "2015.10.14"]
[Round "4.9"]
[White "Alvarado Martinez, Andrey Camilo"]
[Black "Herrera C, Carlos Stiven"]
[Result "1-0"]
[WhiteElo "1717"]
[BlackElo "1500"]
[PlyCount "91"]
[EventDate "2015.10.14"]
[EventType "swiss (blitz)"]
[EventRounds "12"]
[EventCountry "COL"]
[SourceTitle "EXT 2024"]
[Source "ChessBase"]
[SourceDate "2023.10.10"]
[SourceVersion "1"]
[SourceVersionDate "2023.10.10"]
[SourceQuality "1"]

1. c4 e6 2. Nc3 Nf6 3. g3 Bb4 4. Qb3 Bxc3 5. Qxc3 d6 6. Bg2 Nc6 7. d3 b6 8. Bxc6+ Bd7 9. Bxa8 Qxa8 10. Nf3 0-0 11. Bg5 Ne8 12. 0-0 f6 13. Bd2 d5 14. cxd5 Qxd5 15. e4 Qb7 16. Bf4 Nd6 17. Rac1 Nb5 18. Qc2 e5 19. Be3 c6 20. Qc4+ Kh8 21. Ne1 Nd6 22. Qc3 Nb5 23. Qd2 Bh3 24. Ng2 c5 25. Rc2 f5 26. f3 Nd6 27. Rfc1 fxe4 28. dxe4 Nf7 29. Qd5 Qc7 30. Rd2 Rd8 31. Qxf7 Qxf7 32. Rxd8+ Qg8 33. Rxg8+ Kxg8 34. Rd1 Kf7 35. a3 Ke7 36. b4 c4 37. Rc1 Be6 38. Ne1 Kd7 39. b5 Kc7 40. a4 g6 41. Nc2 Kb7 42. Nb4 Kc7 43. Nd5+ Bxd5 44. exd5 Kd6 45. Rxc4 Kxd5 46. Rc7 1-0

[Event "COL-ch Superate B"]
[Site "Colombia"]
[Date "2015.10.14"]
[Round "8.6"]
[White "Alvarado Martinez, Andrey Camilo"]
[Black "Rincon R, Javier Duvan"]
[Result "0-1"]
[WhiteElo "1717"]
[BlackElo "1814"]
[PlyCount "87"]
[EventDate "2015.10.14"]
[EventType "swiss (blitz)"]
[EventRounds "12"]
[EventCountry "COL"]
[SourceTitle "EXT 2024"]
[Source "ChessBase"]
[SourceDate "2023.10.10"]
[SourceVersion "1"]
[SourceVersionDate "2023.10.10"]
[SourceQuality "1"]

1. Nf3 Nf6 2. b3 b6 3. Bb2 e6 4. g3 Bb7 5. Bg2 c5 6. c4 Be7 7. 0-0 0-0 8. e3 d5 9. d3 dxc4 10. dxc4 Nfd7 11. Nc3 Nc6 12. Qe2 Rc8 13. Rfd1 Qe8 14. Rd2 a6 15. Rad1 Rd8 16. a3 Ndb8 17. Rxd8 Bxd8 18. Ne4 Bc7 19. Nd6 Bxd6 20. Rxd6 Qe7 21. Qd2 Na5 22. Rd3 Be4 23. Rc3 Rd8 24. Qc1 Nbc6 25. Nd2 Bxg2 26. Kxg2 Qd7 27. Nf3 Qd1 28. Ng1 Ne5 29. Qxd1 Rxd1 30. Bc1 Nd3 31. Ne2 Nxc1 32. Nxc1 Kf8 33. Ne2 Rd8 34. Nf4 Ke7 35. b4 Nb7 36. bxc5 Nxc5 37. h4 h6 38. Ne2 g5 39. Nd4 Rc8 40. hxg5 hxg5 41. Nb3 Ne4 42. Rc1 b5 43. cxb5 Rxc1 44. Nxc1 0-1

[Event "Pan American-ch U16"]
[Site "Cali"]
[Date "2015.07.01"]
[Round "5"]
[White "Jimenez, Leonardo Andres"]
[Black "Alvarado Martinez, Andrey Camilo"]
[Result "0-1"]
[WhiteElo "1938"]
[BlackElo "1730"]
[PlyCount "130"]
[EventDate "2015.06.28"]
[EventType "swiss"]
[EventRounds "9"]
[EventCountry "COL"]
[SourceTitle "EXT 2016"]
[Source "ChessBase"]
[SourceDate "2015.10.08"]
[SourceVersion "1"]
[SourceVersionDate "2015.10.08"]
[SourceQuality "1"]

1. e4 c6 2. d4 d5 3. exd5 Qxd5 4. Nc3 Qa5 5. Nf3 Bf5 6. Bc4 e6 7. Bd2 Qc7 8. 0-0 Bd6 9. Re1 Ne7 10. Bb3 Nd7 11. Ne2 0-0 12. c4 b6 13. Nc3 h6 14. Rc1 Rad8 15. h3 Nf6 16. Bc2 Bf4 17. Bxf4 Qxf4 18. Ne2 Qc7 19. Ng3 Bxc2 20. Qxc2 c5 21. dxc5 Qxc5 22. Qa4 Nc6 23. a3 a5 24. Red1 Rxd1+ 25. Rxd1 Rd8 26. Rxd8+ Nxd8 27. Nd2 Qd4 28. Qc2 Nc6 29. Ne2 Qe5 30. Nf3 Qe4 31. Qxe4 Nxe4 32. Kf1 Kf8 33. Nf4 Ke7 34. Ke2 Kd6 35. Nd3 Nc5 36. Nxc5 Kxc5 37. Kd3 a4 38. Kc3 e5 39. Nd2 f5 40. g4 g6 41. h4 Nd4 42. h5 gxh5 43. gxf5 Nxf5 44. Kd3 h4 45. Ke4 h3 46. Kxf5 h2 47. Ne4+ Kxc4 48. Ng3 Kb3 49. Kxe5 Kxb2 50. Kd4 Kxa3 51. Kc3 b5 52. Kc2 Kb4 53. Kd2 Kc4 54. f4 Kd4 55. Ke2 a3 56. Kf2 a2 57. Kg2 a1Q 58. Kxh2 b4 59. f5 Ke5 60. Kh3 b3 61. f6 b2 62. f7 Qa8 63. Nh5 b1Q 64. Nf4 Qah1+ 65. Kg4 Qbg1+ 0-1